000 00517nam a22001697a 4500
999 _c41079
_d41079
003 OSt
005 20210305155555.0
008 210305b ||||| |||| 00| 0 eng d
020 _a9781847392718
040 _coclc
082 _a174.4
_bCOV/S
100 _98517
_aCovey, Stephen M R
245 _aThe Speed Of Trust :
_bThe One Thing That Changes Everything /
_cStephen M R Covey
260 _aLondon:
_bPocket Books,
_c2006.
300 _a354p
942 _2ddc
_cBK
_h174.4
_iCOV/S
_k174.4
_mCOV/S